Statistics for Movie Character by Picture #3

Click here to take the quiz!

General Stats

  • This quiz has been taken 54 times
  • The average score is 9 of 16

Answer Stats

Answer% Correct
Batman
94%
Willy Wonka
84%
Jasmine
80%
Moana
80%
Spock
78%
Princess Leia
71%
Bruce Wayne
63%
Bella Swan
49%
Mike Wazowski
47%
Happy Gilmore
41%
Kevin McCallister
39%
Juno
37%
Danny Zuko
35%
Troy Bolton
35%
Dewey Finn
12%
Ralphie Parker
8%

Score Distribution

Percentile by Number Answered

Percent of People with Each Score

Your Score History

You have not taken this quiz